Não há famílias perfeitas (Registo nº 15076)

Detalhes MARC
000 -Etiqueta do registo
Valores 00601nam a22001811i 4500
090 ## -
-- 15076
010 ## - Número ISBN
ISBN 9789896720148
100 ## - Dados gerais de processamento
Dados gerais 20170304u u u0frey50 ba
101 0# - Língua de publicação
-- por
200 1# - Titulo e menção de responsabilidade
Primeira menção de responsabilidade Marta Gautier
Título próprio Não há famílias perfeitas
Informação de outro título mulheres, mães e desabafos
215 ## - Descrição física 
Paginação / Volumes 251 p.
Dimensões 23 cm
210 ## - Publicação
Nome do editor Objectiva
Local de publicação Carnaxide
Data de publicação 2009
300 ## - Notas gerais 
Texto da nota Prefácio de Marcelo Rebelo de Sousa
702 #1 - Autor secundário (pessoa individual)
Apelido Sousa
Nome Marcelo Rebelo de
-- 080
ID Autoridade 2526
700 #1 - Autor principal (pessoa individual)
Apelido Gautier
Nome Marta
-- 070
996 ## - ISO2709
-- 0018341
-- GAU
-- 00000000
-- 00000000
-- BMVA
-- 2
-- Viana do Alentejo
-- Psicologia
-- 25
-- Livro
-- 0
-- 1
990 ## - Elementos KOHA
Tipo de documento Livro
995 ## - Localização e informação dos exemplares
-- 25
Exemplares
Situação do levantamento Estado Biblioteca de origem Biblioteca de empréstimo Localização na Estante Código de barras Cota Permissão de empréstimo Tipo de documento
  Completo Biblioteca Municipal de Viana Do Alentejo Biblioteca Municipal de Viana Do Alentejo   0020901 GAU Disponível Livro




Powered by Koha